000 00947cam a22002894a 4500
001 14727211
005 20180918035205.0
008 070207s2007 mau b 001 0 eng
010 _a 2007005532
020 _a9781933371221
020 _a1933371226
035 _a(OCoLC)ocm82772662
035 _a(OCoLC)82772662
040 _aDLC
_cDLC
_dBAKER
_dBTCTA
_dKUT
_dYDXCP
_dC#P
_dDLC
041 _aeng
042 _apcc
043 _an-us---
080 _a378.101 HEL
082 0 0 _a378.101 HEL
_222
100 _a54
101 _aLID
245 0 0 _aEthical leadership in the community college :
_cDavid M. Hellmich, editor.
504 _aIncludes bibliographical references and index.
906 _a7
_bcbc
_corignew
_d1
_eecip
_f20
_gy-gencatlg
942 _2ddc
_cBK
999 _c47873
_d47873